| 000 | 00765nam a2200229 a 4500 | ||
|---|---|---|---|
| 001 | 000021961 | ||
| 005 | 20251107110523.0 | ||
| 008 | 100915s1996 dr r 000 0 spa d | ||
| 020 | _a8484002128 | ||
| 040 |
_aDO-SdBNP _bspa _cBNPHU |
||
| 082 |
_a028.5 _bL296bu |
||
| 100 | 1 |
_aLantigua, José Rafael, _d1949- _91438 |
|
| 245 | 1 | 0 |
_aBuscando tiempo para leer y lecturas recomendadas / _cJosé Rafael Lantigua, Juan Tomás Tavares. |
| 260 |
_aSanto Domingo : _bTaller, _c1996. |
||
| 300 |
_a87 p. ; _c21 cm. |
||
| 590 | _aInventariado,2018/DG | ||
| 650 | 0 |
_aLibros y lectura _91512 |
|
| 650 | 0 |
_aPromoción de la lectura _97321 |
|
| 650 | 4 |
_aGuía para lectores _944457 |
|
| 700 | 1 |
_aTavares, Juan Tomás _945546 |
|
| 910 | _aValidado. Control de calidad. MMOLINA | ||
| 999 |
_c21459 _d21459 |
||